MDQL
is popping MORE tags! Check the
thread
!
Quizzes
Events
Quiz Creation
Community
Videos
Private Events
Remove Ads
Sign In
Join for FREE
Feedback
Dark Mode
Quiz Categories
Sports
Geography
Music
Movies
Television
Just For Fun
Miscellaneous
History
Literature
Language
Science
Gaming
Entertainment
Religion
Holiday
For Kids
Quiz Lab
Recent
Popular Today
Quiz Kudos Today
Editor Picks
Curator Picks
Quizzes by...
Day
Popularity
Type
Ratings
Length
Year
Community
Subscriptions
Recent Discussions
Orange Saloon
Badges
Playlists
Quests
Create
Leaderboards
Showdown
Live 5
Trivia Bingo
Activity
Puzzle Library
Sporcle Events
Private Events
Virtual Trivia
Globe League
Become a Host
Pub Owners
SporcleCon
Opinionation
Our Games
Videos
Blog
Mobile Apps
Partnerships
Remove Ads and Go Orange
Feedback
Gaming
Video Games
Board Games
Card Games
Pokémon
Mario
Nintendo
Minecraft
Console
Toys
Legend of Zelda
Gaming
Video Games
Board Games
Card Games
Pokémon
Mario
Nintendo
Minecraft
Console
Toys
Legend of Zelda
Random Quiz
Search Sporcle
×
Quiz Lab
Quiz Lab
Gaming
League of Legends
Type in answers that appear in a list
Type in answers that appear in a list
Classic
Best Score? Go Orange.
League of Legends Champions Stats
Can you name the champions from League of Legends?
By
Fawkes
10m
71 Questions
528 Plays
528 Plays
528 Plays
Comments
Comments
Give Quiz Kudos
Give Quiz Kudos
-
- Ratings
hide this ad
Replay
Link that replays current quiz
Next Quiz
Link to next quiz in quiz playlist
You Got
0%
They Got
Avg Score
70%
Avg Friend Score
Upgrade to see
Score Distribution
Jump to the score distribution portion of the page
Score
0/71
Timer
10:00
0
Plays Today
Champion
% Correct
Ashe, the Frost Archer
91.1%
Annie, the Dark Child
87.7%
Alistar, the Minotaur
87.1%
Akali, the Fist of Shadow
86.6%
Amumu, the Sad Mummy
86%
Anivia, the Cryophoenix
82%
Garen, the Might of Demacia
80.1%
Soraka, the Starchild
79.9%
Cho'Gath, the Terror of the Void
79.4%
Blitzcrank, the Great Steam Golem
78.2%
Katarina, the Sinister Blade
78.2%
Teemo, the Swift Scout
78%
Warwick, the Blood Hunter
77.8%
Master Yi, the Wuju Bladesman
77.7%
Zilean, the Chronokeeper
77.1%
Shen, the Eye of Twilight
76.7%
Xin Zhao, the Seneschal of Demacia
75.2%
Sona, the Maven of the Strings
74.6%
Nunu, the Yeti Rider
73.9%
Tryndamere, the Barbarian King
73.9%
Janna, the Storm's Fury
73.7%
Taric, the Gem Knight
73.3%
Twitch, the Plague Rat
72.7%
Morgana, the Fallen Angel
72.5%
Kennen, the Heart of the Tempest
72.3%
Nasus, the Curator of the Sands
72.3%
Corki, the Daring Bombardier
72.2%
Ezreal, the Prodigal Explorer
72.2%
Kassadin, the Void Walker
72.2%
Kayle, the Judicator
72.2%
Gangplank, the Saltwater Scourge
71.8%
Rammus, the Armordillo
71.6%
Miss Fortune, the Bounty Hunter
71.4%
Jax, the Grandmaster at Arms
71.2%
Shaco, the Demon Jester
71.2%
Tristana, the Megling Gunner
70.8%
Champion
% Correct
Fiddlesticks, the Harbinger of Doom
70.5%
Twisted Fate, the Card Master
70.5%
Udyr, the Animal Spirit
70.5%
Lux, the Lady of Luminosity
70.5%
Heimerdinger, the Revered Inventor
70.3%
Veigar, the Tiny Master of Evil
69.9%
Malzahar, the Prophet of the Void
69.5%
Dr. Mundo, the Madman of Zaun
69.1%
Kog'Maw, the Mouth of the Abyss
68.9%
Caitlyn, the Sheriff of Piltover
68.9%
Poppy, the Iron Ambassador
68.8%
Ryze, the Rogue Mage
68.8%
Mordekaiser, the Master of Metal
68.4%
Malphite, the Shard of the Monolith
68.2%
Karthus, the Deathsinger
68%
Nidalee, the Bestial Huntress
67.6%
Evelynn, the Widowmaker
67.4%
Singed, the Mad Chemist
65.5%
Sivir, the Battle Mistress
65.5%
Sion, the Undead Champion
64.6%
Jarven IV, the Exemplar of Demacia
64.6%
Gragas, the Rabble Rouser
62.9%
Renekton, the Butcher of the Sands
62.7%
Vladimir, the Crimson Reaper
62.5%
Olaf, the Berserker
61.6%
Pantheon, the Artisan of War
61.4%
Galio, the Sentinel's Sorrow
61.4%
Urgot, the Headman's Pride
60.8%
Irelia, the Will of the Blades
57.4%
LeBlanc, the Deceiver
55.5%
Cassiopeia, the Serpent's Embrace
55.5%
Trundle, the Cursed Troll
54.9%
Karma, the Enlightened One
53.8%
Maokai, the Twisted Treant
53.8%
Swain, the Master Tactician
50.4%
Quiz Playlist
Details
Report
Send in Message
Add To Playlist
Classic:
Type in answers that appear in a list
Last Updated: Feb 16, 2017
Quiz Scoreboard
CHALLENGE
Sign Up to Join the Scoreboard
Show All
Scores
Hide
Comments
May contain spoilers
Recently Published
Two Season TV Shows II
by 123Four
Television
10m
Image Sorting: Flags VI
by Barbecue
Geography
2m
Find the 'City' Movie
by crazypaving
Movies
60s
More to Explore
Quiz From the Vault
Featured Blog Post
14 Easter Pick-up Lines to Find Eggs With
hide this ad
You Might Also Like...
Tags
champion
League Champions
League of Legends
riot
Today's Top Quizzes in Gaming
Browse Gaming
hide this ad
Today's Top Quizzes in League of Legends
Browse League of Legends
Top Contributed Quizzes in Gaming
1
League of Legends Pro Players by Career/Team History
2
Destiny 2 exotic weapons by perk icons
3
Genshin Impact Logic Puzzle
4
Genshin murder mystery
5
Dead By Daylight Logic Puzzle
6
4x4 Decades: Video Games
7
Ultimate Genshin Impact Logic Puzzle (up to 4.3)
8
Genshin Impact Logic Puzzle Quiz
9
Overwatch Logic Puzzle
10
Who's on the WWE 2K24 Cover?
Explore More
Trending Topics
NBA
Anime
Marvel
Kpop
Disney
Crossword
Harry Potter
Country
NFL
The Office
WWE
Pokémon
Soccer
Song
Puzzle
hide this ad
More By:
Fawkes
Quiz
Plays
Rating
Category
Featured
Created
Homestuck Trolls
9,410
4.22
Miscellaneous
Aug 16, 2010
Mass Effect Trilogy Squadmates
5,844
4.95
Gaming
Apr 8, 2012
Red vs. Blue Characters
2,354
4.44
Miscellaneous
Nov 5, 2009
Worst Video Games Ever
2,306
4.00
Gaming
Jun 20, 2010
Fifth Beatles
1,546
4.33
Music
Oct 5, 2009
Go to Creator's Profile
Score Distribution
Quiz Creator Spotlight
Fawkes
Follow
Send a Message
Quizzes Created
-
Created Quiz Play Count
-
More By This Creator
Popular Quizzes Today
1
Find the US States - No Outlines Minefield
2
Colored Red Africa Blitz
3
Find the 'City' Movie
4
5x2 Blitz: Bands
5
The Countries of the World
6
Find the Countries of Europe - No Outlines Minefield
7
Find the US States
8
US States
More Gaming Quizzes
Stardew Valley Favorite Gifts
Quiz Lab
Trending Quizzes
Colored Red Europe Blitz I
Colored Red Africa Blitz II
Colored Red Europe Blitz II
Colored Red Africa Blitz III
Colored Red Europe Blitz III
Recently Updated
How Do You Spell That?
pecheneg
Godzilla Movies
pecheneg
Grab Bag: 4-10 Letters
pecheneg
2024 March Madness Bracket
pecheneg
Famous TV Couples
Peacemaker
Champions League XIs: Real Madrid
pecheneg
Largest US Cities 1790-2010
pecheneg
Rides in Walt Disney World
pecheneg
Most Oscar Losses (Acting)
pecheneg
Beyoncé Albums
pecheneg
Trending Topics
Kpop
Crossword
Harry Potter
Anime
Marvel
Disney
NBA
WWE
Pokémon
The Office
NFL
Country
Song
Puzzle
Soccer
Your Account Isn't Verified!
In order to create a playlist on Sporcle, you need to verify the email address you used during registration. Go to your
Sporcle Settings
to finish the process.
Report this User
Report this user for behavior that violates our
Community Guidelines
.
Details:
Send Report
Go to the Sporcle.com Mobile Site →
Comments